| 000 | nam a22 a 4500 | ||
|---|---|---|---|
| 999 |
_c4302 _d4302 |
||
| 003 | AKMAL | ||
| 005 | 20170526161041.0 | ||
| 008 | 170526s1998 my 00 may d | ||
| 020 |
_a9678908867 (kkt.): _cRM 12.50 |
||
| 082 | 0 | 4 | _a345.59502323 PEN |
| 090 | 0 | 0 |
_a345.59502323 _bPEN |
| 110 | 1 |
_aMalaysia _9400 |
|
| 240 | 1 | 0 |
_aAkta pencegahan rasuah 1997. _lEnglish |
| 245 | 1 | 0 |
_aAkta pencegahan rasuah 1997 (Akta 575) & Anti-Corruption Act 1997 (Act 575) _bas at 25th July 1998 / _ccompiled by Legal Research Board |
| 260 |
_aKuala Lumpur : _bInternational Law Book Services, _c1998 |
||
| 300 | 0 | 0 |
_a131ms. ; _c24cm |
| 500 | _aTeks sejajar bahasa Melayu dan Inggeris | ||
| 650 | 0 |
_aCorruption (in politics) _zMalaysia _98382 |
|
| 650 | 0 |
_aBribery _xLaw and legislation _zMalaysia _98383 |
|
| 710 | 2 |
_aLembaga Penyelidikan Undang-Undang _98384 |
|
| 942 |
_2ddc _cBOOK |
||